Participants du Rap Contenders - Statistiques

Statistiques générales
  • Ce quiz a été pris 90 fois
    28 depuis la dernière actualisation
  • Le résultat moyen est 286 sur 402
Statistiques - réponses
Édition MC % Correct
10 ans Al
100%
1 | 2 Alpha Wann
100%
2 | 3 | 5 Jazzy Bazz
100%
1 | 2 Nekfeu
100%
2 | 3 | 4 | +10 others Wojtek
100%
10 ans | 9 | 11 | +7 others 2taf
95%
4 | 5 Dinos
95%
7 | 8 | 9 | +5 others Hermano Salvatore
95%
7 | 8 | 9 | +5 others Louvar
95%
3 Pand'or
95%
6 | 7 | 8 | +7 others Aladoum
91%
1 | 2 | 3 Deen Burbigo
91%
1 | 4 | 8 Dony S
91%
1 GaÏden
91%
2 | 3 | 4 | +7 others Gaïden
91%
1 Logik Konstantine
91%
1 | 10 ans | 15 Ans | +7 others Lunik
91%
6 | 7 | 8 | +5 others Maadou
91%
10 | 11 | 13 | 15 Saminem
91%
1 | 2 | 4 | +3 others Blackapar
86%
10 ans | 11 | 14 | +5 others Bramzo
86%
10 ans | 14 | 15 | +5 others Doc Brrown
86%
1 | 2 | 3 Eff Gee
86%
3 | 4 | 6 | +7 others RES
86%
10 ans | 14 | 15 | +2 others Andra
82%
11 | 12 | 13 | +4 others K5
82%
9 | 10 | 10 ans | +6 others Marti
82%
3 | 4 | 10 | +2 others Taïpan
82%
7 | 8 | 9 | +4 others Cheef
77%
10 ans | 6 | 7 | +4 others Fleyo
77%
7 | 8 | 9 | +4 others Lamanif
77%
15 Ans | 3 | 4 | +3 others Lawid
77%
1 | 2 | 3 | 7 Srin Po
77%
9 | 10 | 12 Freddy Gruesum
73%
18 | 19 | 20 Louve
73%
5 | 6 | 7 | +5 others Marshall'Ombre
73%
10 ans | 11 | 12 | +7 others Parano
73%
3 | 4 Sango
73%
3 | 8 Suspek T
73%
1 | 3 TZN
73%
3 | 4 | 5 | +2 others Vincenz
73%
6 | 7 | 10 Arcanes
68%
10 ans | 13 | 15 Ans | +2 others Franko Bucci
68%
8 | 10 | 10 ans Jeune Chilly Chill
68%
19 | 20 | 21 | 22 Kader Diaby
68%
5 Kard
68%
4 | 5 | 7 Mic Orni
68%
6 Obia le Chef
68%
10 ans | 19 | 20 Sartre
68%
5 | 8 | 11 | 12 St Saoul
68%
10 | 10 ans | 11 | +6 others Aparzite
64%
2 Filigrann
64%
10 ans | 15 Ans | 17 | +3 others Frost
64%
5 | 6 | 7 | 9 Godié
64%
10 ans | 20 | 22 L Genius
64%
10 | 11 | 13 | 15 Maras
64%
11 | 12 | 13 | 14 Mo The Fucker
64%
1 | 2 Pen
64%
8 | 10 Tetris Syzif
64%
10 ans | 17 | 19 | +2 others Yessouf
64%
4 | 5 | 7 | +2 others Yoshi
64%
18 | 19 | 20 | 21 Crapaud
59%
5 | 6 Crescendo
59%
10 ans | 15 Ans Esope
59%
15 Ans | 19 | 21 John A
59%
17 | 18 | 19 OD
59%
15 | 16 Youm
59%
13 | 14 BGL
55%
18 | 19 | 22 Castor
55%
15 Ans Dizaster
55%
7 | 9 Enerku
55%
10 ans | 14 | 22 Espiway
55%
3 | 6 Krok
55%
15 Ans | 21 Lywen
55%
12 Arnô
50%
12 Chacalcolik
50%
21 Dako
50%
21 Koa
50%
22 LDP
50%
4 | 5 | 6 | 9 Mad Max
50%
18 Marco
50%
6 | 8 | 13 Pasteur H
50%
21 Pâtissier de l'Orient
50%
15 ans Ridley
50%
10 ans Skywakka
50%
14 | 15 Slider
50%
13 | 14 Ventouz
50%
15 Ans | 22 Young Mesrine
50%
15 Ans Yugene
50%
17 | 18 El Deterr
45%
18 | 20 Insa
45%
13 Monk.E
45%
20 | 22 Airjee
41%
10 ans | 16 Artik
41%
22 D Baby
41%
10 ans MC Wheelchair
41%
22 Nemoh
41%
10 ans | 16 Oliver Twist
41%
18 Fantom
36%
10 ans | 17 JDM
36%
6 Joe Natt
36%
19 | 20 Neyah
36%
14 | 20 Parka One
36%
4 Billy Bats
32%
9 Nelson Barros
32%
18 Sloux
32%
9 Smoothy
32%
15 Vrock
32%
13 Benji
27%
10 ans | 17 Deuzé
27%
4 Eech
27%
6 Sidi O
27%
8 Skilz
27%
9 Woodman
27%
18 | 19 Bat
23%
10 ans Benefik
23%
10 ans Delta
23%
14 Milo Creed
23%
20 Syme
23%
9 Uno Lavoz
23%
9 Zomaken
18%
16 Achille Talent
14%
10 ans Joiboy
14%
10 ans Woody
14%
10 ans Tensa
9%
10 ans Evan
5%
10 ans Wax Omega
5%
10 ans Sedj
0%
Aucun quiz correspondant
Distribution des résultats
% des personnes avec chaque résultat
Percentile par nombre de réponses
Votre historique - résultats
Vous n’avez pas pris ce quiz depuis la dernière actualisation